| 000 | 01074nmm a2200337 a 4500 | ||
|---|---|---|---|
| 001 | ocm0002015451 | ||
| 003 | TR-IsHL | ||
| 005 | 20201028175622.0 | ||
| 008 | 181030s2015 tu tur | ||
| 007 | cr cn | ||
| 020 | _a9786059148207 | ||
| 035 |
_a2015451 _b(N$T) |
||
| 050 | 0 | 4 |
_aPL76.9.E45 _bA73 2015 |
| 090 | 0 | 4 |
_aPL76.9.E45 _bA73 2015 |
| 100 | 1 | _aElubaev, Smagul | |
| 245 | 1 | 0 |
_aArasat meydanı : _b roman _h[electronic resource] / _cSmagul Elubaev ; çeviren Gülzada Temenova |
| 250 | _a1. Baskı | ||
| 260 |
_aAnkara : _bBengü Yayınları, _c2015 |
||
| 300 | _a296 p. | ||
| 650 | 4 | _aDil ve Edebiyat | |
| 650 | 4 | _aLanguage and Literature | |
| 650 | 0 | _aKazak romanı | |
| 650 | 0 | _aKazakh fiction | |
| 650 | 7 |
_aLITERARY COLLECTIONS / Russian & Former Soviet Union _2bisacsh |
|
| 700 | 1 | _aTemenova, Gülzade | |
| 700 | 1 | _aÖmeroğlu, Yakup | |
| 700 | 1 | _aOtarbayev, Malik | |
| 700 | 1 | _aKaya, Hüseyin | |
| 700 | 1 | _aÖmeroğlu, Havva | |
| 856 | 4 | 0 | _uhttp://search.ebscohost.com/login.aspx?direct=true&scope=site&db=e011xww&AN=2015451 |
| 999 |
_c18754 _d18754 |
||